Gen Z Celebrities by Picture #2 - Statistics

General Stats
  • This quiz has been taken 415 times
  • The average score is 10 of 16
Answer Stats
Picture Answer % Correct
Sabrina Carpenter
96%
Millie Bobby Brown
82%
Sydney Sweeney
79%
James Charles
77%
Camila Cabello
76%
Kylian Mbappé
76%
IShowSpeed
74%
Chappell Roan
65%
Max Verstappen
59%
Malala Yousafzai
51%
Jack Harlow
49%
Juice WRLD
42%
Robert Irwin
42%
Jungkook
41%
Caitlin Clark
37%
Brock Purdy
18%
No matching quizzes found
Score Distribution
Percent of People with Each Score
Percentile by Number Answered
Your Score History
You have not taken this quiz